El doctor Angélico

Salvato in:
Dettagli Bibliografici
Autore principale: Maritain, Jacques (autor)
Natura: Libro
Lingua:spagnolo
Pubblicazione: Buenos Aires Disiberé de Broumer 1942
Soggetti:
Tags: Aggiungi Tag
Nessun Tag, puoi essere il primo ad aggiungerne!!

MARC

LEADER 00000nam a2200000 a 4500
001 UCZ2196
003 CL-VaPUC
008 950926e19420000AG |||||||||||||||||spa|d
082 0 4 |a 248  |b MAR  |2 21 
100 |a Maritain, Jacques  |e autor  |9 255680 
245 1 3 |a El doctor Angélico 
300 |a 211 p 
942 |c BK 
945 |d 19950926 00:00:00  |a cmena 
260 |a Buenos Aires  |b Disiberé de Broumer  |c 1942 
600 0 |a Dios  |9 314467 
650 0 |a Filosofía francesa   |9 255698 
650 0 |a Teología   |9 258766 
650 0 |a Tomismo  |9 259214 
650 0 |a Iglesia   |9 255004 
650 0 |a Encíclicas  |9 255643 
650 0 |a Documentos pontificios   |9 255642 
583 |a last modification  |c 19950926 00:00:00  |k Rodrigo Vera 
999 |c 238839  |d 238837 
952 |0 0  |1 0  |4 0  |6 248_000000000000000_MAR_1942  |7 0  |8 P  |9 249384  |a BIBEDU  |b BIBEDU  |d 2019-11-18  |i 1565605  |l 2  |m 1  |o 248 MAR 1942  |p 1565605  |q 2024-08-02  |r 2024-07-03  |s 2024-07-03  |w 2019-11-18  |y BK  |k FIL 
952 |0 0  |1 0  |4 0  |6 248_000000000000000_MAR_1942  |7 0  |8 A  |9 249385  |a BIBTEO  |b BIBTEO  |d 2019-11-18  |i 3387119  |o 248 MAR 1942  |p 3387119  |r 2025-01-17  |w 2019-11-18  |y BK  |k ICR